| 000 | 00703nam a2200205 a 4500 | ||
|---|---|---|---|
| 005 | 20230517063532.0 | ||
| 008 | 041014s2001 mx r 000 0 spa d | ||
| 020 | _a9701876091 | ||
| 035 | _aUPN01000135739 | ||
| 049 | _aCG | ||
| 050 | 4 |
_aKGF3541 _bA5.7 |
|
| 245 | 0 | 0 |
_aAnte la ley : _bleyes, reglamentos y decretos educativos vigentes / _ccomp. Víctor Manuel Bautista Hernández. |
| 260 |
_aOaxaca : _bIEEPO, _c2001. |
||
| 300 | _a300 p. | ||
| 440 | 0 |
_aVoces del fondo. _pSignos de agua |
|
| 650 | 4 |
_aEducación _xLeyes y legislación _zMéxico _99102 |
|
| 650 | 4 |
_aEDUCACION - _xLEYES Y LEGISLACION - _zOAXACA _915861 |
|
| 700 | 1 |
_aBautista Hernández, Víctor Manuel, _ecomp. _940241 |
|
| 905 | _aLibro | ||
| 999 |
_c107890 _d107890 |
||